MARC

LEADER 00000nam0a2200000 4500
001 360327
005 20250211063215.0
035 |a (RuTPU)RU\TPU\retro\17653 
035 |a RU\TPU\retro\17652 
090 |a 360327 
100 |a 20210330d1974 k y0rusy5003 ca 
101 0 |a rus 
102 |a RU 
105 |a y z 001zy 
200 1 |a Методы анализа и синтеза информационно-вычислительных сетей и систем  |e [тематический сборник]  |f Московский энергетический институт ; под ред. Н. И. Челнокова ; под ред. И. А. Башмакова 
210 |a Москва  |c Изд-во МЭИ  |d 1974 
215 |a 166 с.  |c табл., ил. 
225 1 |a Труды Московского энергетического института (МЭИ)  |v Вып. 183 
320 |a Библиогр. в конце ст. 
500 1 0 |a Труды Московского энергетического института  |9 88841 
606 1 |a Информационно-вычислительные системы  |2 stltpush  |3 (RuTPU)RU\TPU\subj\12905  |9 39606 
610 1 |a информационно-вычислительные сети 
610 1 |a математический аппарат 
610 1 |a исследование 
610 1 |a модели 
610 1 |a классификация 
610 1 |a организация 
610 1 |a управление 
610 1 |a анализ 
610 1 |a синтез 
610 1 |a экономическая эффективность 
610 1 |a имитационные модели 
610 1 |a функциональные схемы 
610 1 |a языки высокого уровня 
610 1 |a массовое обслуживание 
675 |a 681.324  |v 3 
702 1 |a Челноков  |b Н. И.  |4 340 
702 1 |a Башмаков  |b И. А.  |4 340 
712 0 2 |a Московский энергетический институт  |c (1930-1992)  |3 (RuTPU)RU\TPU\col\20092  |9 27693 
801 0 |a RU  |b 63413507  |c 19950704  |g psbo 
801 1 |a RU  |b 63413507  |c 20060118  |g PSBO 
801 2 |a RU  |b 63413507  |c 20210413  |g PSBO 
942 |c BK